000
00229nam a22001097a 4500
082
_a
158
_b
SHA/D
100
_a
SHARMA,ROBIN
245
_a
DISCOVER YOUR DESTINY
260
_b
JAICO
650
_a
PERSONALITY DEVELOPMENT
942
_c
BK
999
_c
5464
_d
5464